00249nam a2200097Ia 4500100002900000654000900029245005800038260002900096082001400125546001200139 aSantacruz operation Inc  aunix aSCO unix system v Development system e language guide bSantacruz Operation Inc. a5.43bSCO aENGLISH